00912nam a2200229 a 450000100100000000500170001000800410002704000250006804100390009308200130013210000320014524000350017724501010021226000410031330000210035453400580037550000740043370000320050704900090053995201170054899900170066500002443720200930023156.0110127s1978 ag r 001 0 spa d aDO-SdBNPbspacBNPHU17aspaheng2Código de idiomas MARC ann*bnn*1 aLowrange, William W.95010210aOf acceptable risk.lEspañol13aEL riesgo aceptable :bciencia y seguridad /cWilliam W. Lowrance ; traducción de Ines Pardal. aBuenos Aires :bTres Tiempos,c1978. a254 p. ;c20 cm. aTítulo de la obra en inglés :tOf acceptable risk aIncluye referencias bibliográficas y notas al pie de las páginas.1 aPardal, Inés,etr.950103 aBNGR 001054708MOaGRbGRcCTd2011-01-27iLF1l0onn* nn*p24437-10r2020-06-25w2020-06-25y4ZPréstamo en sala c23930d23930